01310na a2200301 450000100060000000300080000600500170001400800410003102000150007203500100008704000250009704100130012208200410013511000450017622200320022124501890025324600450044224600820048726000600056930000370062950000640066654600570073065000500078765000410083765100470087865100450092565100380097015203MIRAKIL20181213155228.0160920b tu 000 0  a9751907721 a15203 aMilasbturcTR-AnCHP aturaeng a304.6021 1990 TÜRKİYEbT95g 1993 aTürkiye İstatistik Kurumu (TÜİK) aGenel nüfus sayımı 1990 a1990 genel nüfus sayımıbnüfusun sosyal ve ekonomik nitelikleri = 1990 census of population : social and economic characteristics of populationcDevlet İstatistik Enstitüsü aNüfusun sosyal ve ekonomik nitelikleri a1990 census of population : social and economic characteristics of population aAnkarabDevlet İstatistik Enstitüsü (DİE)c1993 axxii, 190 s.bgrf., tbl.c30 sm. aKurumun yeni adı: Türkiye İstatistik Kurumu (TÜİK) aMetinler Türkçe-İngilizce karşılıklıdır. aSosyo ekonomik göstergelerx1990zTürkiye aNüfus sayımlarıx1990zTürkiye aTürkiyexEkonomik durumyİstatistikler aTürkiyexSosyal durumyİstatistikler aTürkiyexNüfus sayımı, 1990